| 000 | 00615nam a2200217Ia 4500 | ||
|---|---|---|---|
| 001 | 268 | ||
| 005 | 20251205091655.0 | ||
| 008 | 251203t2011||||xx |||||||||||||| ||spa|| | ||
| 020 | _a9786124582424 | ||
| 041 | _aESP | ||
| 082 |
_a918.5 _bV66 |
||
| 100 |
_aVillavicencio, Maritza _cAUT |
||
| 245 | 0 | _aLa ruta de los oráculos: un viaje por el Perú místico | |
| 250 | _aPrimera edición | ||
| 260 |
_aLima : _bApus Graph Ediciones _c2011 |
||
| 300 |
_a207 páginas : _b ilustraciones ; _c 30 cm. |
||
| 650 | _aGEH | ||
| 653 | _aGeografía; Descripción viajes, Perú | ||
| 654 | _aCTP | ||
| 942 |
_cLIB _dJUS _fMIP _2ddc |
||
| 999 |
_c268 _d268 |
||